ՀՀ Գիտությունների ազգային ակադեմիայի հիմնարար գիտական գրադարան  =   Fundamental Scientific Library of NAS RA

Տնակը : (Record no. 143792)

MARC details
000 -LEADER
fixed length control field 01117nam a2200253 a 4500
001 - CONTROL NUMBER
control field 000376267
003 - CONTROL NUMBER IDENTIFIER
control field AM-YeHGA
005 - DATE AND TIME OF LATEST TRANSACTION
control field 20250618072307.0
008 - FIXED-LENGTH DATA ELEMENTS--GENERAL INFORMATION
fixed length control field 041102s1987 ai a|||gr|||||||||1|arm|d
040 ## - CATALOGING SOURCE
Original cataloging agency AM-YeHGA
041 1# - LANGUAGE CODE
Language code of text/sound track or separate title arm
Language code of original rus
090 ## - LOCALLY ASSIGNED LC-TYPE CALL NUMBER (OCLC); LOCAL CALL NUMBER (RLIN)
-- 145173
100 1# - MAIN ENTRY--PERSONAL NAME
Personal name Մարշակ, Ս.
245 10 - TITLE STATEMENT
Title Տնակը :
Remainder of title [Հեքիաթ] : Դպր. կրտսեր տարիքի համար /
Statement of responsibility, etc. Ս. Մարշակ ; Թարգմ.՝ Լ. Սարգսյան ; Խմբ.՝ Էդ. Ավագյան ; Նկ.՝ Ս. Սաֆյան.
246 15 - VARYING FORM OF TITLE
Title proper/short title Теремок
260 ## - PUBLICATION, DISTRIBUTION, ETC.
Place of publication, distribution, etc. Երևան :
Name of publisher, distributor, etc. Արևիկ,
Date of publication, distribution, etc. 1987.
300 ## - PHYSICAL DESCRIPTION
Extent 37 էջ :
Other physical details գունանկ. ;
Dimensions 26 սմ.
546 ## - LANGUAGE NOTE
Language note Բնագիրը զուգ.՝ հայ. և ռուս. լեզուներով
650 14 - SUBJECT ADDED ENTRY--TOPICAL TERM
Topical term or geographic name entry element Ռուս մանկական գրականություն
General subdivision Հեքիաթ-պիես
700 1# - ADDED ENTRY--PERSONAL NAME
Personal name Ավագյան, Էդուարդ Սամվելի,
Dates associated with a name 1927-2010
Relator term խմբ.
Relationship edt
9 (RLIN) 1279
700 1# - ADDED ENTRY--PERSONAL NAME
Personal name Սարգսյան, Լիպարիտ Տիգրանի,
Dates associated with a name 1938-2023
Relator term թարգմ.
Relationship trl
9 (RLIN) 1060
700 1# - ADDED ENTRY--PERSONAL NAME
Personal name Սաֆյան, Սպարտակ Գևորգի,
Dates associated with a name 1929-2001
Relator term նկ.
Relationship art
9 (RLIN) 4028
942 ## - ADDED ENTRY ELEMENTS (KOHA)
Source of classification or shelving scheme Universal Decimal Classification
Koha item type Գրքեր / Books
Holdings
Withdrawn status Lost status Damaged status Not for loan Collection Home library Current library Date acquired Total checkouts Full call number Barcode Date last seen Price effective from Koha item type Public note
        General Fundamental Scientific Library Fundamental Scientific Library 22/12/2016   AIII/5973 FL0075054 22/12/2016 22/12/2016 Գրքեր / Books 30 Days Loan


ՀՀ ԳԱԱ հիմնարար գիտական գրադարան
ՀՀ,Երևան 0019
Մարշալ Բաղրամյան 24/6
հեռախոս:(374-10) 52-47-50
Հետադարձ կապ

All site content, except where otherwise noted, is licensed under a
Creative Commons License